O Štoplíkovi, kde bol a čo robil, kým do školy nechodi (Record no. 20351)
[ view plain ]
| 000 -LEADER | |
|---|---|
| fixed length control field | 01478nam a2200421 4500 |
| 001 - CONTROL NUMBER | |
| control field | 20351 |
| 003 - CONTROL NUMBER IDENTIFIER | |
| control field | VRT |
| 005 - DATE AND TIME OF LATEST TRANSACTION | |
| control field | 20260121133918.0 |
| 008 - FIXED-LENGTH DATA ELEMENTS--GENERAL INFORMATION | |
| fixed length control field | 230714s2023 xo a br 000 1 slo |
| 015 ## - NATIONAL BIBLIOGRAPHY NUMBER | |
| National bibliography number | SNBA2023/08 |
| 020 ## - INTERNATIONAL STANDARD BOOK NUMBER | |
| International Standard Book Number | 9788055657929 |
| Qualifying information | (viazané) |
| 039 #9 - LEVEL OF BIBLIOGRAPHIC CONTROL AND CODING DETAIL [OBSOLETE] | |
| Level of rules in bibliographic description | 202308021442 |
| Level of effort used to assign nonsubject heading access points | msnk116 |
| 040 ## - CATALOGING SOURCE | |
| Original cataloging agency | SNK |
| Language of cataloging | slo |
| Transcribing agency | SNK |
| Description conventions | rda |
| 041 0# - LANGUAGE CODE | |
| Language code of text/sound track or separate title | slo |
| 044 ## - COUNTRY OF PUBLISHING/PRODUCING ENTITY CODE | |
| MARC country code | xo |
| ISO country code | SK |
| 072 #7 - SUBJECT CATEGORY CODE | |
| Subject category code | 821.162.4-3 |
| Subject category code subdivision | Slovenská próza |
| Source | konspekt |
| 072 #7 - SUBJECT CATEGORY CODE | |
| Subject category code | 821-93 |
| Subject category code subdivision | Literatúra pre deti a mládež (beletria) |
| Source | konspekt |
| 080 ## - UNIVERSAL DECIMAL CLASSIFICATION NUMBER | |
| Universal Decimal Classification number | 821.162.4-32 |
| Edition identifier | 2011 |
| 080 ## - UNIVERSAL DECIMAL CLASSIFICATION NUMBER | |
| Universal Decimal Classification number | 82-93-053.4/.5 |
| Edition identifier | 2011 |
| 100 1# - MAIN ENTRY--PERSONAL NAME | |
| Personal name | Ponická, Hana, |
| Dates associated with a name | 1922-2007 |
| Relationship | aut |
| 245 10 - TITLE STATEMENT | |
| Title | O Štoplíkovi, kde bol a čo robil, kým do školy nechodi |
| Statement of responsibility, etc. | Hana Ponická ; ilustrovala Božena Plocháňová |
| 264 #1 - PRODUCTION, PUBLICATION, DISTRIBUTION, MANUFACTURE, AND COPYRIGHT NOTICE | |
| Place of production, publication, distribution, manufacture | Bratislava |
| Name of producer, publisher, distributor, manufacturer | Slovart |
| Date of production, publication, distribution, manufacture, or copyright notice | 2023 |
| 300 ## - PHYSICAL DESCRIPTION | |
| Extent | 137 strán |
| Other physical details | farebné ilustrácie |
| Dimensions | 24 cm |
| 336 ## - CONTENT TYPE | |
| Content type term | text |
| Content type code | txt |
| Source | rdacontent |
| 336 ## - CONTENT TYPE | |
| Content type term | statický obraz |
| Content type code | sti |
| Source | rdacontent |
| 337 ## - MEDIA TYPE | |
| Media type term | bez média |
| Media type code | n |
| Source | rdamedia |
| 338 ## - CARRIER TYPE | |
| Carrier type term | zväzok |
| Carrier type code | nc |
| Source | rdacarrier |
| 521 8# - TARGET AUDIENCE NOTE | |
| Target audience note | Pre deti od 5 rokov |
| 655 #7 - INDEX TERM--GENRE/FORM | |
| Genre/form data or focus term | slovenské príbehy |
| Source of term | SNKPH |
| 655 #7 - INDEX TERM--GENRE/FORM | |
| Genre/form data or focus term | literatúra pre deti |
| Source of term | SNKPH |
| 655 #7 - INDEX TERM--GENRE/FORM | |
| Genre/form data or focus term | Slovak stories |
| Source of term | SNKPHeng |
| 655 #7 - INDEX TERM--GENRE/FORM | |
| Genre/form data or focus term | Children's literature |
| Source of term | SNKPHeng |
| 700 1# - ADDED ENTRY--PERSONAL NAME | |
| Personal name | Plocháňová, Božena, |
| Dates associated with a name | 1929-2020 |
| Relationship | ill |
| 942 ## - ADDED ENTRY ELEMENTS (KOHA) | |
| Source of classification or shelving scheme | Dewey Decimal Classification |
| Koha item type | Krásna literatúra pre deti |
| Suppress in OPAC | No |
| 949 ## - LOCAL PROCESSING INFORMATION (OCLC) | |
| 6 | 17A1530461 |
| a | snkSC 202945 |
| b | snk2023/10849 |
| o | 817/23 |
| 949 ## - LOCAL PROCESSING INFORMATION (OCLC) | |
| 6 | 17A1530462 |
| a | snkSC 202945 D1 |
| b | snk2023/10850 |
| o | 817/23 |
| Stav vyradenia | Strata | Poškodenie | Spôsob nadobudnutia | Domovská knižnica | Aktuálna knižnica | Dátum nadobudnutia | Total checkouts | Čiarový kód exemplára | Date last seen | Date last checked out | Typ exemplára |
|---|---|---|---|---|---|---|---|---|---|---|---|
| Dar | Mestská knižnica Turany | Mestská knižnica Turany | 21.01.2026 | 1 | 4712401253 | 13.03.2026 | 23.01.2026 | Krásna literatúra pre deti |
